00650nam a22002177a 4500003000500000005001700005008004100022010001000063011001000073035001000083040000900093082001500102100002000117245003600137260005000173300001900223490004600242650005200288650004600340830004600386CHAP20220329134526.0971013s1967 r 00010 d a21636 a22608 a26703 cCHAP a338.1bA7500aAshton, J.eed. aEconomic change and agriculture aLondon :bAgricultural Adjustment Unit,c1967 a360 p.b: ilus aAn Agricultural Adjuntment Unit Symposium14aAgriculturaxAspectos economicosxGran Bretana.14aGran BretañaxCondiciones económicas.0 aAn Agricultural Adjuntment Unit Symposium